Imagen e idea : (Record no. 7731)

000 -CABECERA
fixed length control field 01051nam a22002297a 4500
003 - IDENTIFICADOR DEL NÚMERO DE CONTROL
control field AR-CdUCM
008 - DATOS DE LONGITUD FIJA--INFORMACIÓN GENERAL
fixed length control field 190321b ||||| |||| 00| 0 spa d
040 ## - FUENTE DE LA CATALOGACIÓN
Agencia/entidad que catalogó originalmente la obra MUNICIPALIDAD PROVINCIAL DEL CUSCO
Entidad que transcribió la catalogación BIBLIOTECA MUNICIPAL DEL CUSCO
082 ## - NÚMERO DE LA CLASIFICACIÓN DECIMAL DEWEY
No. de Clasificación 152.2 /
Notacion interna R31
100 ## - ENTRADA PRINCIPAL--NOMBRE DE PERSONA
Nombre Personal Read, Herbert
245 ## - MENCIÓN DE TÍTULO
Título Imagen e idea :
Resto del título a función del arte en el desarrollo de la conciencia humana /
260 ## - PUBLICACIÓN, DISTRIBUCIÓN, ETC.
Lugar de publicación, distribución, etc. México, D.F :
Nombre de la editorial, distribuidor, etc. Fondo de Cultura Económica,
Fecha de publicación, distribución, etc. 1957.
300 ## - DESCRIPCIÓN FÍSICA
Nº de Páginas Extensión 239 páginas ;
Otros detalles físicos 88 p. de láms. ilustraciones, retratos,
Dimensiones 17 cm.
440 ## - MENCIÓN DE SERIE/PUNTO DE ACCESO ADICIONAL--TÍTULO
Título Breviarios del Fondo de Cultura Económica
Número de la parte/sección de una obra 127
9 (RLIN) 21838
505 ## - NOTA DE CONTENIDO CON FORMATO
Nota de contenido formateada Contenido: La imagen vital -- El descubrimiento de la belleza -- Los símbolos de lo desconocido -- Lo humano como lo ideal -- La ilusión de lo irreal ...
650 ## - PUNTO DE ACCESO ADICIONAL DE MATERIA--TÉRMINO DE MATERIA
Descriptor Arte
9 (RLIN) 561
650 ## - PUNTO DE ACCESO ADICIONAL DE MATERIA--TÉRMINO DE MATERIA
Descriptor Psicología
9 (RLIN) 1538
700 ## - PUNTO DE ACCESO ADICIONAL--NOMBRE DE PERSONA
Nombre Personal Flores Sánchez, Horacio (Traductor)
9 (RLIN) 21839
942 ## - ELEMENTOS DE PUNTO DE ACCESO ADICIONAL (KOHA)
Fuente de clasificación
Tipo de item Libros-BMC
945 ## - PROCESAMIENTO DE INFORMACIÓN LOCAL (OCLC)
Catalogador raen
Holdings
Estado de retiro (separado) Fuente de clasificación o esquema de estanterías Estado dañado Ubicación Sala donde se ubica Nombre de la colección Fecha de adquisición o compra Costo, precio normal en soles Signatura topográfica Código de Barras Última vez visto (Koha) Tipo de ítem (Koha)
No     Sala Humanidades Sala Humanidades Book Cart 2019-03-21 20.00 152.2 / R31 SH0000008405 2019-03-21 Libros-BMC

Powered by Koha